000 00668nam a2200229 i 4500
001 135086
003 ES-MaACL
005 20250824221335.0
007 t|
008 070709s1970 sp ||||1| cat d
080 _a252
100 1 _aTillich, Paul.
_9110266
245 1 3 _aLa presència de l'etern /
_cPaul Tillich ; [traductor, Alfred Badia i Gabarró].
250 _a[1ª ed.].
260 _a[Barcelona] :
_bAriel,
_c[1970]
300 _a204 p. ;
_c19 cm.
490 1 _aLibros del Nopal
700 1 _aBadia y Gabarro, Alfredo.
_924547
830 0 0 _aLibros del Nopal
_9182786
852 _aES-MaACL
_jC-51755
_bR.76086
999 _c135086
_d135086